000 00466pab a2200145 454500
008 180718b xxu||||| |||| 00| 0 eng d
100 _aDundham David
245 _aCrop diversification and export growth: dynamics of change in the Sri Lankan peasant sector
362 _a24(4), Oct 93, p.787-813
650 _a Peasants -- Sri Lanka
650 _a Agriculture -- Sri Lanka
650 _aFarm Produce -- Sri Lanka
773 _aDevelopment and Change
909 _a25637
999 _c25637
_d25637